| 000 | 00000nam##2200000za#4500 |
| 001 | 9.648048 |
| 003 | CaOODSP |
| 005 | 20210615112923 |
| 007 | ta |
| 008 | 150407|2001||||xxc||||| f|0| 0 eng|d |
| 020 | |a0-660-18477-X |
| 040 | |aCaOODSP|beng |
| 043 | |an-cn--- |
| 086 | 1 |aF2-154/2001E |
| 110 | 1 |aCanada. |bDepartment of Finance. |
| 245 | 10|aAmendments to the Excise Tax Act : |bexplanatory notes / |cPublished by the Minister of Finance. |
| 260 | |aOttawa - Ontario : |bFinance Canada |c2001. |
| 300 | |a79p. ; |c23 cm. |
| 563 | |aSoftcover |
| 590 | |a01-10|b2001-03-09 |
| 690 | 07|aAmendments|2gcpds |
| 690 | 07|aCustoms and excise|2gcpds |
| 775 | 08|tModifications de la Loi sur la taxe d'accise: notes explicatives / |w(CaOODSP)9.681429 |
| 776 | 0#|tAmendments to the Excise Tax Act |w(CaOODSP)9.696454 |